000 00584cam a22002053a 4500
001 40567
003 PGUSA
005 20140828083915.0
008 120823s2012||||xxu|||||s|||||000 | eng d
040 _aPGUSA
_beng
042 _adc
100 1 _aEccott, W. J.
245 1 4 _aThe Mercenary :
_bA Tale of The Thirty Years' War
_h[electronic resource] /
_cW. J. Eccott
260 _bProject Gutenberg,
_c2012
506 _aPublic domain in the USA.
516 _aElectronic text
830 0 _aProject Gutenberg
_v40567
856 4 0 _uhttp://www.gutenberg.org/ebooks/40567
942 _cEB
999 _c269820
_d269820